| 000 | 01173nam a22002537a 4500 | ||
|---|---|---|---|
| 999 |
_c21693 _d21693 |
||
| 003 | AR-CdUCM | ||
| 008 | 190425b ||||| |||| 00| 0 spa d | ||
| 040 |
_aMUNICIPALIDAD PROVINCIAL DEL CUSCO _cBIBLIOTECA MUNICIPAL DEL CUSCO |
||
| 082 |
_aRev.Univ/N°16/1916 _bRev.Univ/N°16/1916 |
||
| 110 |
_aUniversidad Nacional de San Antonio Abad del Cusco _915942 |
||
| 245 |
_aRevista Universitaria : _bÓrgano de la Universidad del Cuzco / |
||
| 260 |
_aCusco : _bEl Trabajo, _cjunio 1916. |
||
| 300 |
_a51 páginas. : _c20 cm. |
||
| 440 |
_aRevista Universitaria _nAño V, junio 1916, N°16 _945796 |
||
| 505 | _aContenido: Los Machigangas del Urubamba. Enrique Rosell. -- Discurso pronunciado en la apertura del 1916. Francisco Sivirichi. -- Fitografía departamental. Fortunato L. Herrera. -- Discurso pronunciado por el Prefecto en la apertura del año 1916. Cesar Bustamante. | ||
| 650 |
_aHistoria del Cusco _91714 |
||
| 650 |
_aAmazonia peruana _97545 |
||
| 650 |
_aPueblos indígenas _96988 |
||
| 650 |
_aMashiguengas _945797 |
||
| 650 |
_aSiglo XX _945791 |
||
| 710 |
_aUniversidad Nacional de San Antonio Abad del Cusco _915942 |
||
| 942 |
_2ddc _cPP |
||
| 945 | _arac | ||